| 000 | 01181cam a22003134a 4500 | ||
|---|---|---|---|
| 001 | 14323621 | ||
| 003 | OSt | ||
| 005 | 20210909104451.0 | ||
| 008 | 060331s2007 maua b 001 0 eng | ||
| 010 | _a 2006011039 | ||
| 020 | _a9781584504757 (pbk. with cd : alk. paper) | ||
| 038 | _akhadija | ||
| 040 |
_aDLC _cDLC _dDLC |
||
| 042 | _apcc | ||
| 050 | 0 | 0 |
_aTR897.7 _b.R643 2007 |
| 082 | 0 | 0 |
_a006.696 _222 _bROG |
| 100 | 1 |
_aRogers, David. _982295 |
|
| 245 | 1 | 0 |
_aAnimation:Master : _bA Complete Guide / _cDavid Rogers. |
| 260 |
_aBoston : _bCharles River Media, _cc2007. |
||
| 300 |
_axvii, 558 p. : _bill. ; _c24 cm. + _e1 CD-ROM (4 3/4 in.) |
||
| 504 | _aIncludes bibliographical references and index. | ||
| 563 | _apaperback | ||
| 630 | 0 | 0 |
_aAnimation:Master. _982296 |
| 650 | 0 |
_aComputer animation. _969260 |
|
| 856 | 4 | 1 |
_3Table of contents only _uhttp://www.loc.gov/catdir/toc/ecip0611/2006011039.html |
| 906 |
_a7 _bcbc _corignew _d1 _eecip _f20 _gy-gencatlg |
||
| 942 |
_2ddc _cBK |
||
| 999 |
_c31743 _d31743 |
||